De 5 største byene/tettstedene i hvert fylke - Statistics

General Stats
  • This quiz has been taken 454 times
  • The average score is 40 of 87
Answer Stats
Fylke Befolkning By % Correct
Oslo 988,873 Oslo
94%
Hordaland 254,235 Bergen
91%
Rogaland 220,943 Stavanger / Sandnes
90%
Trøndelag 180,557 Trondheim
90%
Vest-Agder 61,536 Kristiansand
89%
Troms 38,980 Tromsø
89%
Telemark 3,285
88%
Møre og Romsdal 52,163 Ålesund
84%
Østfold 111,267 Fredrikstad / Sarpsborg
83%
Nordland 40,705 Bodø
82%
Hedmark 27,324 Hamar
82%
Møre og Romsdal 20,863 Molde
81%
Buskerud 116,446 Drammen
80%
Oppland 20,400 Lillehammer
80%
Finnmark 15,094 Alta
77%
Møre og Romsdal 18,412 Kristiansund
77%
Telemark 92,753 Porsgrunn / Skien
77%
Aust-Agder 43,084 Arendal
73%
Østfold 46,618 Moss
72%
Akershus 19,357 Ski
72%
Østfold 25,300 Halden
66%
Rogaland 44,830 Haugesund
66%
Oppland 20,112 Gjøvik
62%
Finnmark 8,052 Hammerfest
62%
Vestfold 51,571 Tønsberg
62%
Aust-Agder 12,899 Grimstad
61%
Vestfold 24,208 Larvik
61%
Nordland 18,685 Mo i Rana
60%
Nordland 14,261 Narvik
60%
Vestfold 43,595 Sandefjord
60%
Troms 20,953 Harstad
59%
Finnmark 3,566 Kirkenes
59%
Svalbard 2,060 Longyearbyen
58%
Vest-Agder 10,851 Mandal
56%
Finnmark 5,064 Vadsø
55%
Buskerud 21,890 Kongsberg
53%
Sogn og Fjordane 9,029 Florø
52%
Hedmark 14,877 Elverum
51%
Sogn og Fjordane 10,315 Førde
51%
Trøndelag 12,744 Steinkjer
50%
Vestfold 20,371 Horten
49%
Hedmark 12,014 Kongsvinger
49%
Trøndelag 8,367 Namsos
49%
Sogn og Fjordane 3,943 Sogndalsfjøra
49%
Aust-Agder 7,644 Lillesand
46%
Trøndelag 12,737 Stjørdalshalsen
45%
Rogaland 11,519 Egersund
44%
Trøndelag 10,008 Levanger
42%
Nordland 9,841 Mosjøen
42%
Aust-Agder 4,626 Risør
42%
Akershus 17,687 Jessheim
41%
Buskerud 15,662 Hønefoss
40%
Telemark 5,445 Kragerø
40%
Rogaland 11,961 Bryne
39%
Vest-Agder 6,045 Flekkefjord
39%
Telemark 9,077 Notodden
38%
Østfold 14,259 Askim
37%
Nordland 6,251 Fauske
35%
Vestfold 7,262 Holmestrand
30%
Møre og Romsdal 6,368 Volda
30%
Akershus 13,409 Drøbak
29%
Hordaland 23,194 Askøy
28%
Møre og Romsdal 7,230 Ørsta
27%
Vest-Agder 12,920 Vennesla
26%
Hedmark 10,006 Brumunddal
22%
Troms 4,658 Finnsnes
22%
Østfold 6,513 Mysen
22%
Oppland 7,315 Raufoss
22%
Vest-Agder 9,259 Søgne
21%
Telemark 3,247 Rjukan
20%
Hedmark 4,239 Moelv
17%
Rogaland 11,434 Kopervik
16%
Hordaland 14,171 Leirvik
14%
Sogn og Fjordane 3,252 Måløy
14%
Sogn og Fjordane 3,170 Øvre Årdal
13%
Oppland 4,747 Jevnaker
11%
Troms 2,464 Setermoen
11%
Hordaland 13,601 Osøyro
9%
Buskerud 6,351 Åmot / Geithus
8%
Hordaland 10,988 Knarrevik / Straume
8%
Troms 2,460 Skjervøy
8%
Akershus 12,803 Nesoddtangen
7%
Akershus 13,156 Råholt
7%
Finnmark 2,579 Bjørnevatn
6%
Oppland 4,672 Brandbu / Jaren
6%
Buskerud 5,350 Tranby
5%
Aust-Agder 3,010 Blakstad
1%
No matching quizzes found
Score Distribution
Percent of People with Each Score
Percentile by Number Answered
Your Score History
You have not taken this quiz